000
00223nam a22000977a 4500
008
180806b xxu||||| |||| 00| 0 eng d
082
_a
813.52
245
_a
Catherine Hough Nursing
_c
VCE
300
_a
16
_f
CD
942
_2
ddc
_c
MX
999
_c
46850
_d
46850